[Event "American Cup Blitz 2026"]
[Site "Saint Louis USA"]
[Date "2026.03.02"]
[Round "9.29"]
[White "Antova, Gabriela"]
[Black "Apaar Saxena"]
[Result "0-1"]
[WhiteTitle "FM"]
[BlackTitle "FM"]
[WhiteElo "2168"]
[BlackElo "2263"]
[WhiteFideId "2915235"]
[BlackFideId "25937219"]
[EventDate "2026.03.02"]

1. Nf3 Nf6 2. g3 g6 3. Bg2 Bg7 4. c4 c6 5. O-O O-O 6. b3 Ne4 7. d4 d5 8. Bb2 Nd7
9. Nbd2 Ndf6 10. Nxe4 Nxe4 11. Ne5 Bf5 12. Rc1 f6 13. Nd3 g5 14. f3 Nd6 15. c5
Nb5 16. a4 Nc7 17. e4 Bg6 18. Qe2 Qd7 19. Rfe1 Rfe8 20. e5 Ne6 21. exf6 exf6 22.
Qd2 Nc7 23. Bc3 Rxe1+ 24. Rxe1 Re8 25. Rxe8+ Qxe8 26. Kf2 h5 27. Qe3 Qxe3+ 28.
Kxe3 Kf7 29. Bh3 Ne6 30. Ne1 f5 31. Nd3 f4+ 32. gxf4 Bxd3 33. Bxe6+ Kxe6 34.
Kxd3 g4 35. fxg4 hxg4 36. Ke3 Kf5 37. Bd2 Bh6 0-1

[Event "American Cup Blitz 2026"]
[Site "Saint Louis USA"]
[Date "2026.03.02"]
[Round "9.30"]
[White "Zatonskih, Anna"]
[Black "Atwell, Rose"]
[Result "0-1"]
[WhiteTitle "IM"]
[BlackTitle "FM"]
[WhiteElo "2328"]
[BlackElo "2337"]
[WhiteFideId "14101572"]
[BlackFideId "30951011"]
[EventDate "2026.03.02"]

1. e4 e6 2. d4 d5 3. Nd2 c5 4. exd5 Qxd5 5. Ngf3 cxd4 6. Bc4 Qd6 7. O-O Nf6 8.
Nb3 Nc6 9. Nbxd4 Nxd4 10. Qxd4 Qxd4 11. Nxd4 a6 12. Be2 Bd7 13. Bf3 O-O-O 14.
Be3 e5 15. Nb3 e4 16. Be2 Nd5 17. Bd4 Nf4 18. Bc4 f5 19. Rfd1 b5 20. Bf1 Ne6 21.
a4 bxa4 22. Bxa6+ Kc7 23. Nc1 Nxd4 24. Rxd4 Bc5 25. Rd1 e3 26. fxe3 Bxe3+ 27.
Kh1 Bb5 0-1

[Event "American Cup Blitz 2026"]
[Site "Saint Louis USA"]
[Date "2026.03.02"]
[Round "9.31"]
[White "Caglar, Sila"]
[Black "Cervantes Landeiro, Thalia"]
[Result "1-0"]
[WhiteTitle "WIM"]
[BlackTitle "FM"]
[WhiteElo "2215"]
[BlackElo "2247"]
[WhiteFideId "6364063"]
[BlackFideId "3520498"]
[EventDate "2026.03.02"]

1. e4 c5 2. Nf3 d6 3. Bb5+ Nd7 4. O-O Nf6 5. Re1 a6 6. Bxd7+ Bxd7 7. c3 g6 8. d4
cxd4 9. cxd4 Bc6 10. Nc3 Bg7 11. a4 O-O 12. d5 Bd7 13. Be3 b5 14. a5 b4 15. Bb6
Qe8 16. Na2 Ng4 17. Rb1 f5 18. Nxb4 fxe4 19. Ng5 Be5 20. h3 Nf6 21. Nc2 h6 22.
Nxe4 Nxe4 23. Rxe4 Bf5 24. Rc4 Qb5 25. Na3 Qe8 26. Nc2 Rc8 27. b3 Qf7 28. g4 Bd7
29. Ne1 Rxc4 30. bxc4 Qf4 31. Qd3 Qh2+ 32. Kf1 Kg7 33. Rb3 Rf4 34. Ke2 h5 35.
gxh5 Bf5 36. Qd2 Re4+ 37. Kd1 Bxh3 38. hxg6 Bg4+ 39. f3 Qh5 40. fxg4 Qxg4+ 41.
Kc1 Rxc4+ 42. Kb1 Qe4+ 43. Nd3 Qxg6 44. Ka2 Ra4+ 45. Ra3 Rg4 46. Nxe5 dxe5 47.
Qd3 Rg2+ 48. Kb1 Qd6 49. Rc3 Qb4+ 50. Kc1 Qb2+ 51. Kd1 Qa1+ 52. Rc1 Qa4+ 53. Rc2
Qg4+ 54. Kc1 Qf4+ 55. Kb2 Qb4+ 56. Ka2 Qa4+ 57. Kb2 Qb4+ 58. Qb3 Qe4 59. Rxg2+
Qxg2+ 60. Qc2 Qf3 61. Qb3 Qe2+ 62. Ka3 Qd2 63. Ka4 Qf4+ 64. Ka3 Qg4 65. Bc5 Qg5
66. Be3 Qf5 67. Qc3 Qe4 68. Qb3 Kf6 69. Bc1 Kf5 70. Bb2 Qe2 71. Qc3 Qe4 72. Ka2
Qf4 1-0

[Event "American Cup Blitz 2026"]
[Site "Saint Louis USA"]
[Date "2026.03.02"]
[Round "9.32"]
[White "Abrahamyan, Tatev"]
[Black "Yu, Jennifer"]
[Result "1/2-1/2"]
[WhiteTitle "IM"]
[BlackTitle "FM"]
[WhiteElo "2379"]
[BlackElo "2299"]
[WhiteFideId "13301918"]
[BlackFideId "2078341"]
[EventDate "2026.03.02"]

1. e4 g6 2. d4 Bg7 3. Nf3 d6 4. Bc4 Nf6 5. Qe2 O-O 6. O-O c6 7. e5 Nd5 8. h3
dxe5 9. dxe5 Qc7 10. Nc3 Nxc3 11. bxc3 b5 12. Bb3 Na6 13. a4 Nc5 14. axb5 Nxb3
15. cxb3 cxb5 16. Qxb5 Qxc3 17. Bg5 Be6 18. Bxe7 Rfb8 19. Qc5 Qxc5 20. Bxc5 a5
21. Bd6 Rxb3 22. Nd4 Rb7 23. Nxe6 fxe6 24. Ra4 Bf8 25. Rfa1 Rb5 26. Rd4 Kf7 27.
Rf4+ Kg7 28. Rd4 g5 29. h4 h6 30. hxg5 hxg5 31. Kh2 Kg6 32. g4 Bg7 33. Re4 Rh8+
34. Kg3 Rb3+ 35. f3 Rb5 36. Rea4 Bxe5+ 37. Bxe5 Rxe5 38. Rxa5 Rxa5 39. Rxa5 Kf6
40. f4 gxf4+ 41. Kxf4 Rb8 42. Ra6 Rb4+ 43. Kg3 Kg5 44. Rxe6 Rb3+ 45. Kf2 Kxg4
46. Re3 Rxe3 47. Kxe3 1/2-1/2

[Event "American Cup Blitz 2026"]
[Site "Saint Louis USA"]
[Date "2026.03.02"]
[Round "9.33"]
[White "Gueci, Tea"]
[Black "Sukandar, Irine Kharisma"]
[Result "0-1"]
[WhiteTitle "WIM"]
[BlackTitle "IM"]
[WhiteElo "2138"]
[BlackElo "2330"]
[WhiteFideId "872342"]
[BlackFideId "7101937"]
[EventDate "2026.03.02"]

1. e4 c5 2. Nf3 Nc6 3. Bb5 d6 4. O-O Bd7 5. Re1 a6 6. Bxc6 Bxc6 7. d4 cxd4 8.
Nxd4 Rc8 9. c4 Nf6 10. Nxc6 Rxc6 11. b3 g6 12. Bb2 Bg7 13. Nc3 O-O 14. Nd5 e6
15. Nxf6+ Bxf6 16. Qe2 Bxb2 17. Qxb2 Qg5 18. Re3 b5 19. cxb5 axb5 20. g3 Rfc8
21. h4 Qg4 22. Re2 b4 23. Rae1 Rc3 24. Kh2 R8c5 25. Qd2 Rh5 26. Re3 Rc6 27. Qxb4
Rc2 28. Rf1 d5 29. Qb8+ Kg7 30. exd5 Rxd5 31. Qf4 Qh5 32. a4 Rf5 33. Qd4+ e5 34.
Qd1 Rfxf2+ 35. Rxf2 Rxf2+ 36. Kg1 Qxd1+ 37. Kxf2 Qc2+ 38. Kf3 Kf6 39. g4 Ke6 40.
g5 Kf5 41. b4 e4+ 42. Kg3 Qd2 0-1